| 000 | 01139cad a22002655a 4500 | ||
|---|---|---|---|
| 001 | L156920 | ||
| 008 | 120730e20120217xxkd f s 000 0 eng d | ||
| 035 | _a(Sirsi) u156920 | ||
| 041 | 0 | _aeng | |
| 110 | 2 |
_aRoyal Institution of Chartered Surveyors _bEconomics _95033 |
|
| 245 | 0 | 0 |
_aRICS global real estate weekly _b29 June 2012 _h[electronic resource] |
| 260 |
_aLondon _bRICS _c2012 |
||
| 490 | 0 |
_aRICS Global Real Estate Weekly _v29 June 2012 |
|
| 520 | _aEuropean Central Bank rate won't prevent near term weakness in housing and construction. Regional disparities likely to persist as US housing recovery gains traction. Downcast outlook for Singaporean economy and housing market. Australian building activity remains in the doldrums. | ||
| 590 | _aKA | ||
| 650 | 2 | 4 | _aRICS GLOBAL REAL ESTATE WEEKLY |
| 651 | 4 | _aEurope | |
| 651 | 4 | _aUnited States | |
| 651 | 4 | _aSingapore | |
| 651 | 4 | _aAustralia | |
| 690 |
_aResidential property _96266 |
||
| 690 |
_aConstruction management _96230 |
||
| 856 | 4 | 0 |
_uhttps://www.rics.org/site/download_feed.aspx?fileID=12133&fileExtension=PDF _zView the report at www.rics.org |
| 942 | _n0 | ||
| 999 |
_c114488 _d114488 |
||